000 00986nam a22002537a 4500
005 20170124103104.0
010 _aA-955030
020 _c125.00
_a8171451462
035 _aA-955030
037 _bCen Lib/Ret
040 _aDPL
_bHN
082 _a
_bमित्रवि
100 _aमित्र, विमल
_977969
245 _aगृह चक्र /
_c विमल मित्र
246 _aGrah chakr
_bby Vimal Mitra
260 _aदिल्ली
_bसन्मार्ग प्रकाशन
_c2000
270 _a16, यु.बी. बेंगलो रोड जवाहर नगर
_bदिल्ली
_e110007
300 _a152पृष्ठ.
_c20सेमी(सजिल्द)
650 _aहिंदी साहित्य
_977970
650 _a हिंदी उपन्यास
_977971
650 _aHindi literature
_977972
650 _aHindi novel
_977973
942 _2ddc
_cHN
_h
_mमित्रवि
999 _c118017
_d118017